| 000 | 00674cam a22001814a 4500 | ||
|---|---|---|---|
| 005 | 20250605164353.0 | ||
| 008 | 250528s ||||||||||||||||||||||||d | ||
| 035 | _a24184 | ||
| 040 |
_aGR-AtMCL _bgre _dGR-AtMCL _eAACR2 |
||
| 245 | 1 | _aLevel Crossing Safety / Discover How the Rail Sector is Deploying Innovative Technology and Concertating on Several Campaigns and Educational Programmes to Reduce the Number of Level Crossing Accidents and Save Lives. | |
| 260 |
_bGlobal Railway Review, _c2018 |
||
| 300 | _a72 | ||
| 520 | _aRolling Stock Developments, Level Crossing Safety. | ||
| 700 | 1 |
_aWaters Craig _99421 |
|
| 942 | _cCR | ||
| 999 |
_c9079 _d9079 |
||